BIBLIOTHÈQUE DE LA MAISON DU MEXIQUE

Logo 1 Logo 2

Defensas / Defenßas (notice nᵒ 6179)

détails MARC
000 -Sello discográfico
campo de control de longitud fija 00883nam a2200289 4500
005 - Identificación de versión
campo de control 20251016084610.0
010 ## - Número Estándar Internacional de Libros (ISBN)
Número (ISBN) 978-607-516-853-1 (Conaculta)
010 ## - Número Estándar Internacional de Libros (ISBN)
Número (ISBN) 978-607-96643-1-2 (Fractal)
099 ## - fechas locales
Tipo de ítem Koha LIBRO
100 ## - Datos de procesamiento general
Datos de procesamiento general 20220725d2014 m y1spay5003 ba
105 ## - Campo de datos codificados: Material textual, monográfico
Datos codificados de monografía y 001gy
200 1# - Título y mención de responsabilidad
Título propio Defensas / Defenßas
Designación general del material texto impreso
Primer mención de responsabilidad Pedro Serrano
205 ## - Declaración de edición
Declaración de edición 1a ed
210 ## - Publicación, distribución, etc.
Lugar de publicación, distribución, etc. México
Nombre del editor, distribuidor, etc. Consejo Nacional para la Cultura y las Artes
-- Fractal
Fecha de publicación, distribución, etc. 2014
215 ## - Descripción física
Designación de material específico y extensión del ítem 206 p
Dimensiones 20 cm
345 ## - Nota de información de adquisición
Fuente de adquisición/dirección de la suscripción [OBSOLETO] Donación
606 ## - Término temático usado como materia
Elemento de entrada Poesía
Subdivisión temática Historia y crítica
Número Koha 3369
660 ## - Código de área geográfica
Código MX
700 ## - Nombre personal - Responsabilidad primaria
Elemento de entrada Serrano Carreto
Parte del nombre distinta del elemento de entrada Pedro Francisco Enrique
Fechas 1957-
Número Koha 11743
801 #0 - Fuente de origen
País FR
Agencia cm
Reglas de catalogación (convenciones descriptivas) AFNOR
900 ## -
-- 1/21753
900 ## -
-- 7100417642\080104
942 ## - ELEMENTOS DE ENTRADA SECUNDARIOS (KOHA)
Tipo de ítem Koha Livre
996 ## -
-- MEX
-- 751145101
-- MMAG
-- 006815
-- 809.1 S487DE
-- 20220725LIV
Exemplaires
Estatus retirado Estado de daño Estado de pérdida Fecha de adquisición Biblioteca de origen Biblioteca actual Ubicación en estantería Código de barras Precio de reemplazo Signatura topográfica completa No para préstamo Tipo de ítem Koha Nota pública Nota no pública
      05/08/2025 Casa México Paris Casa México Paris   006815 05/08/2025 809.1 S487DE   Livre 20220725LIV 751145101